| 000 | 02996cam a22003135a 4500 | ||
|---|---|---|---|
| 001 | L145435 | ||
| 008 | 080207s2008 xxk f f 001 0 eng u | ||
| 020 | _a9780754535454 | ||
| 035 | _a(Sirsi) u145435 | ||
| 041 | 0 | _aeng | |
| 050 | 0 | 4 | _a346.42066 $2 18 |
| 100 | 1 | _aWareham, Robert | |
| 245 | 0 | 0 |
_aTolley's company law handbook 2008 _bsecond edition |
| 250 | _a16th ed. | ||
| 260 |
_aCroydon _bLexisNexis Butterworths _c2008 |
||
| 300 |
_ax, 1440p. _c23cm. |
||
| 505 | 2 | _aAccounting reference dates and periods -- Accounts: banking companies; general; insurance companies; large companies; medium-sized companies; limited liability partnerships; small companies; summary financial statements -- Acquisition of own shares -- Allotment of shares -- Annual returns -- Articles of association -- Audit -- Bonus rights -- Class rights -- Community interest companies -- Companies not formed under CA 1985 -- Dealings with third parties -- Debentures and other borrowing -- Definitions -- Directors -- Directors' remuneration reports -- Directors' reports -- Disclosure of interests in public company shares -- Dissolution and striking off -- Distributions -- Dormant companies -- European community legislation | |
| 505 | 2 | _aFees -- Formation -- Forms -- Guarantee companies -- Insider dealing and market abuse -- Investigations -- Limited liability partnerships -- Meetings -- Members -- Memorandum of association -- names and business names -- Open-ended investment companies -- Overseas companies -- Partnerships -- Penalties and legal proceedings -- Political donations -- Prospectuses -- Public and listed companies -- Reconstructions and mergers -- Records -- Registered office -- Registers -- Registrar of companies -- Registration and re-registration -- Registration of charges -- Resolutions and meetings -- Rights issues -- Scotland -- Seals -- Secretary -- Share premium -- Shares: certification and transfers -- Shares and share capital -- Takeovers -- Unlimited companies -- Unregistered companies -- Wales -- Table of cases -- Table of statutes -- Table of statutory instruments | |
| 520 | _aProvides details of the requirements for annual accounts and all day to day company administration matters, plus coverage of areas such as accounts and reports, debentures, certification and transfer of share, prohibition of public offers by private companies, company arrangements and reconstructions and mergers and divisions of public companies. Includes the provisions of the companies act 2006 implemented up to 1 October 2008. | ||
| 521 | 2 | _aAdvanced | |
| 590 | _aKA | ||
| 650 | 2 | 4 | _aCOMPANIES (AUDIT, INVESTIGATION AND COMMUNITY ENTERPRISE) ACT 2004 |
| 650 | 2 | 4 | _aCOMPANIES ACT 1985 (INTERNATIONAL ACCOUNTING STANDARDS AND OTHER ACCOUNTING AMENDMENTS) REGULATIONS 2004 |
| 650 | 2 | 4 | _aEUROPEAN PUBLIC LIMITED-LIABILITY COMPANY REGULATIONS 2004 |
| 650 | 2 | 4 | _aCOMPANIES ACT 2006 |
| 651 | 4 |
_aUnited Kingdom _y |
|
| 690 | _aMANAGEMENT-BUSINESS MANAGEMENT | ||
| 942 | _n0 | ||
| 999 |
_c108791 _d108791 |
||